[Event "25th European Teams"]
[Site "Batumi GEO"]
[Date "2025.10.09"]
[Round "5.15"]
[Board "1"]
[White "Petriashvili, Nikoloz"]
[Black "Saraci, Nderim"]
[Result "1/2-1/2"]
[WhiteTitle "IM"]
[BlackTitle "IM"]
[WhiteElo "2489"]
[BlackElo "2445"]
[WhiteTeam "Georgia 2"]
[BlackTeam "Kosovo"]
[WhiteFideId "13611216"]
[BlackFideId "6351921"]
[EventDate "2025.10.05"]

1. e4 e6 2. d4 d5 3. exd5 exd5 4. Nf3 Nf6 5. Bd3 Be7 6. O-O O-O 7. Re1 Bg4 8. h3
Bh5 9. Bg5 Nbd7 10. Nbd2 Re8 11. c3 c6 12. Qc2 Bg6 13. Re2 Qc7 14. Rae1 Bd6 15.
Bxg6 hxg6 16. Bxf6 Rxe2 17. Rxe2 Nxf6 18. Re1 Re8 19. Rxe8+ Nxe8 20. Qd1 Qe7 21.
Qe1 Qxe1+ 22. Nxe1 g5 23. Kf1 f6 24. Ke2 Kf7 25. Nd3 Nc7 26. Nf1 Ne6 27. Ne3
Nf4+ 28. Nxf4 Bxf4 29. Kd3 Bxe3 30. Kxe3 Ke6 1/2-1/2

[Event "25th European Teams"]
[Site "Batumi GEO"]
[Date "2025.10.09"]
[Round "5.15"]
[Board "2"]
[White "Uruci, Endrit"]
[Black "Tutisani, Noe"]
[Result "0-1"]
[WhiteTitle "FM"]
[BlackTitle "IM"]
[WhiteElo "2347"]
[BlackElo "2424"]
[WhiteTeam "Kosovo"]
[BlackTeam "Georgia 2"]
[WhiteFideId "22100199"]
[BlackFideId "13602853"]
[EventDate "2025.10.05"]

1. e4 c5 2. Nf3 e6 3. d4 cxd4 4. Nxd4 a6 5. Nc3 b5 6. Bd3 Bb7 7. O-O Nc6 8. Nxc6
Bxc6 9. e5 d6 10. Bf4 b4 11. Ne4 dxe5 12. Bxe5 Qd5 13. Qf3 Ne7 14. Bf6 Ng6 15.
Rad1 Be7 16. Bxg7 Nh4 17. Nf6+ Bxf6 18. Qxd5 Bxd5 19. Bxf6 Rg8 20. f3 Rxg2+ 21.
Kh1 Rg4 22. Be4 Bxe4 23. fxe4 Rxe4 24. Rd3 Ng6 25. Rfd1 Ne7 26. Rh3 Nd5 27. Rxh7
Rc8 28. Rd2 Rcc4 29. Rh8+ Kd7 30. Rf8 Re1+ 31. Kg2 Rg4+ 32. Kh3 Rg6 33. Bh4 Re3+
34. Bg3 Ke7 35. Ra8 Nf4+ 36. Kh4 f5 0-1

[Event "25th European Teams"]
[Site "Batumi GEO"]
[Date "2025.10.09"]
[Round "5.15"]
[Board "3"]
[White "Quparadze, Giga"]
[Black "Asllani, Muhamet"]
[Result "1-0"]
[WhiteTitle "GM"]
[BlackTitle "CM"]
[WhiteElo "2493"]
[BlackElo "2251"]
[WhiteTeam "Georgia 2"]
[BlackTeam "Kosovo"]
[WhiteFideId "13602250"]
[BlackFideId "22100300"]
[EventDate "2025.10.05"]

1. e4 e5 2. Nf3 Nc6 3. Bb5 a6 4. Ba4 Nf6 5. O-O b5 6. Bb3 Be7 7. d4 d6 8. c3 O-O
9. h3 Bb7 10. Re1 exd4 11. cxd4 d5 12. e5 Ne4 13. Nc3 Na5 14. Bc2 Bb4 15. Nxe4
dxe4 16. Rxe4 Bxe4 17. Bxe4 Rb8 18. Bxh7+ Kxh7 19. Ng5+ Kg6 20. Qd3+ f5 21.
exf6+ Kxf6 22. Qf3+ Kg6 23. Qe4+ Rf5 24. g4 Qd5 25. gxf5+ Qxf5 26. Qg2 Kf6 27.
Ne4+ Kf7 28. Ng3 Qd7 29. Bf4 Re8 30. Be5 Nc4 31. Nh5 Rg8 32. a3 Be7 33. Re1 Qf5
34. Qd5+ Qe6 35. Qxe6+ Kxe6 36. Bf6+ Kd5 1-0

[Event "25th European Teams"]
[Site "Batumi GEO"]
[Date "2025.10.09"]
[Round "5.15"]
[Board "4"]
[White "Saraci, Korab"]
[Black "Sanikidze, Tornike"]
[Result "0-1"]
[WhiteTitle "CM"]
[BlackTitle "GM"]
[WhiteElo "2197"]
[BlackElo "2409"]
[WhiteTeam "Kosovo"]
[BlackTeam "Georgia 2"]
[WhiteFideId "4701968"]
[BlackFideId "13602608"]
[EventDate "2025.10.05"]

1. e4 e5 2. Nf3 Nc6 3. Bc4 Bc5 4. d3 Nf6 5. c3 a5 6. a4 d6 7. O-O Ba7 8. Re1 h6
9. Be3 Bxe3 10. Rxe3 O-O 11. Nbd2 Ne7 12. Nf1 Ng6 13. Bb3 c6 14. h3 Nf4 15. N3h2
Nh7 16. d4 Qf6 17. dxe5 dxe5 18. Ng4 Qe7 19. Ng3 Rd8 20. Qc2 Bxg4 21. hxg4 Qg5
22. Nf5 g6 23. Rg3 Rd2 24. Qxd2 Nh3+ 25. Rxh3 Qxd2 26. Nxh6+ Kg7 27. Rd1 Qxb2
28. Bxf7 Ng5 29. Rh4 Nxe4 30. Rf1 Rh8 0-1

[Event "25th European Teams"]
[Site "Batumi GEO"]
[Date "2025.10.09"]
[Round "5.16"]
[Board "1"]
[White "Alekseenko, Kirill"]
[Black "Stefansson, Vignir Vatnar"]
[Result "1-0"]
[WhiteTitle "GM"]
[BlackTitle "GM"]
[WhiteElo "2679"]
[BlackElo "2506"]
[WhiteTeam "Austria"]
[BlackTeam "Iceland"]
[WhiteFideId "4135539"]
[BlackFideId "2308649"]
[EventDate "2025.10.05"]

1. e4 c5 2. Nf3 Nc6 3. Bb5 d6 4. O-O Bd7 5. Re1 a6 6. Bxc6 Bxc6 7. d4 cxd4 8.
Qxd4 Nf6 9. Bg5 e6 10. Nc3 Be7 11. Rad1 O-O 12. h3 Rc8 13. Qe3 Qc7 14. Nd4 b5
15. a3 Bb7 16. Rd3 Rfe8 17. Qd2 Qb8 18. Rg3 Kh8 19. Nf3 Qc7 20. e5 Nd5 21. Bxe7
Qxe7 22. exd6 Qxd6 23. Ng5 Qf8 24. Re4 Nxc3 25. Rh4 Be4 26. bxc3 Bf5 27. Rf3 Qe7
28. Rg3 f6 29. Nf3 e5 30. Rh5 Be4 31. Qe2 Qb7 32. Nh4 g5 33. Re3 Rc4 34. f3 Bd5
35. Ng6+ Kg7 36. Nxe5 Rcc8 37. Ng4 Qa7 38. Kh1 Rxe3 39. Nxe3 Be6 40. f4 gxf4 41.
Nd5 Qf7 42. Nxf4 Re8 43. Qd3 Kh8 44. Qd4 Qg7 45. Rc5 Rg8 46. Rc6 1-0

[Event "25th European Teams"]
[Site "Batumi GEO"]
[Date "2025.10.09"]
[Round "5.16"]
[Board "2"]
[White "Ragnarsson, Dagur"]
[Black "Horvath, Dominik"]
[Result "0-1"]
[WhiteTitle "IM"]
[BlackTitle "GM"]
[WhiteElo "2385"]
[BlackElo "2558"]
[WhiteTeam "Iceland"]
[BlackTeam "Austria"]
[WhiteFideId "2304058"]
[BlackFideId "1642561"]
[EventDate "2025.10.05"]

1. d4 Nf6 2. c4 g6 3. Nc3 Bg7 4. e4 d6 5. f3 O-O 6. Be3 c5 7. Nge2 Qa5 8. Nc1
cxd4 9. Nb3 Qh5 10. Qxd4 a5 11. Qd2 a4 12. Nd4 Nc6 13. Ndb5 Ne5 14. Nc7 Be6 15.
Nxa8 Rxa8 16. Nd5 Bxd5 17. cxd5 a3 18. Be2 axb2 19. Rb1 Rxa2 20. O-O Ned7 21.
Bd4 Nxe4 22. fxe4 Bxd4+ 23. Qxd4 Qxe2 24. Rf2 Qg4 25. h3 Qh4 26. Rfxb2 Rxb2 27.
Qxb2 Nc5 28. Qe2 Qf4 29. Re1 Qe5 30. Kh1 h5 31. Qf3 f5 32. Qe3 Nxe4 33. Kg1 Qxd5
34. Rc1 Kf7 35. Rc7 Qd2 36. Qb3+ d5 37. Qxb7 Qe3+ 38. Kh2 Qg3+ 39. Kg1 Qe5 40.
Rd7 Nf6 41. Rd8 g5 42. Qb8 Qxb8 43. Rxb8 e5 44. Rb6 f4 45. Kf2 Kg6 46. g4 hxg4
47. hxg4 e4 48. Kg2 d4 0-1

[Event "25th European Teams"]
[Site "Batumi GEO"]
[Date "2025.10.09"]
[Round "5.16"]
[Board "3"]
[White "Ragger, Markus"]
[Black "Stefansson, Hannes"]
[Result "1/2-1/2"]
[WhiteTitle "GM"]
[BlackTitle "GM"]
[WhiteElo "2567"]
[BlackElo "2408"]
[WhiteTeam "Austria"]
[BlackTeam "Iceland"]
[WhiteFideId "1610856"]
[BlackFideId "2300087"]
[EventDate "2025.10.05"]

1. e4 e5 2. Nf3 Nc6 3. Bb5 Nf6 4. d3 Bc5 5. Bxc6 dxc6 6. O-O Bg4 7. h3 Bh5 8.
Be3 Nd7 9. Nbd2 Qe7 10. Qe1 O-O 11. d4 Bxf3 12. Nxf3 exd4 13. Bxd4 Rfe8 14. Qe3
Bxd4 15. Qxd4 Nc5 16. e5 Ne6 17. Qe3 b6 18. Qe4 Qc5 19. Rad1 Rad8 20. c3 h6 21.
Nd4 Qd5 22. Qxd5 Rxd5 23. Nxe6 Rxe6 24. f4 f6 25. exf6 Rxf6 26. g3 Rfd6 27. Rde1
Rd2 28. Rf2 Kf7 29. Kg2 c5 30. Ree2 Rxe2 31. Rxe2 Rd3 32. Kf2 a5 33. Re3 Rd2+
34. Re2 Rd3 35. a4 Rd1 36. Re1 Rd2+ 37. Re2 Rd1 38. c4 Rd3 39. Re3 Rd2+ 40. Re2
Rd3 41. Re3 Rd2+ 42. Re2 Rd3 43. Re3 1/2-1/2

[Event "25th European Teams"]
[Site "Batumi GEO"]
[Date "2025.10.09"]
[Round "5.16"]
[Board "4"]
[White "Domalchuk-Jonasson, Aleksandr"]
[Black "Blohberger, Felix"]
[Result "1/2-1/2"]
[WhiteTitle "IM"]
[BlackTitle "GM"]
[WhiteElo "2373"]
[BlackElo "2513"]
[WhiteTeam "Iceland"]
[BlackTeam "Austria"]
[WhiteFideId "14142805"]
[BlackFideId "1632051"]
[EventDate "2025.10.05"]

1. c4 Nf6 2. Nc3 c5 3. Nf3 Nc6 4. e3 a6 5. d4 cxd4 6. exd4 d5 7. cxd5 Nxd5 8.
Bd3 g6 9. O-O Bg7 10. Re1 Nf6 11. h3 O-O 12. Be3 Nb4 13. Bb1 b6 14. a3 Nbd5 15.
Bd2 Bb7 16. Bd3 e6 17. Rc1 b5 18. Nxd5 Nxd5 19. Be4 Qb6 20. Qb3 Rac8 21. Rxc8
Rxc8 22. Rc1 Rxc1+ 23. Bxc1 f5 24. Bxd5 Bxd5 25. Qc3 Qb7 26. Bf4 Bxf3 27. gxf3
Kf7 28. Kg2 Bf6 29. Be5 Be7 30. b3 g5 31. Kg1 Ke8 32. a4 bxa4 33. bxa4 Kd7 34.
Qd3 h5 35. Qc3 Qb1+ 36. Kg2 Qb6 37. Kg1 Qb7 38. Qd3 Qc6 39. Qb3 a5 40. Kf1 Bb4
41. Kg2 g4 42. Qd1 Bd6 43. Kg3 gxh3 44. Kxh3 Qd5 45. Qe2 Be7 46. Qd3 Qb7 47. Kg2
Qc6 48. Qb3 Bb4 49. Qd1 Qc4 50. Qh1 Be7 51. Qxh5 Qxa4 52. Qf7 Qc6 53. Bf6 Qd6
54. d5 exd5 55. Bxe7 Qxe7 56. Qxd5+ 1/2-1/2

[Event "25th European Teams"]
[Site "Batumi GEO"]
[Date "2025.10.09"]
[Round "5.17"]
[Board "1"]
[White "Kiladze, Luka"]
[Black "Dardha, Daniel"]
[Result "1/2-1/2"]
[WhiteTitle "FM"]
[BlackTitle "GM"]
[WhiteElo "2370"]
[BlackElo "2605"]
[WhiteTeam "Georgia 3"]
[BlackTeam "Belgium"]
[WhiteFideId "13623389"]
[BlackFideId "240990"]
[EventDate "2025.10.05"]

1. e4 c6 2. Nf3 d5 3. d3 Qc7 4. exd5 cxd5 5. c4 Nf6 6. Nc3 e6 7. a3 a6 8. g3
dxc4 9. Bf4 Bd6 10. Bxd6 Qxd6 11. dxc4 Qc7 12. Qe2 b6 13. Bg2 Bb7 14. O-O Nbd7
15. Rac1 O-O 16. Rfe1 Rfd8 17. b4 Rac8 18. Nd2 Bxg2 19. Kxg2 Qc6+ 20. Qf3 Qxf3+
21. Kxf3 Kf8 22. Rcd1 Ne8 23. Na4 Nd6 24. Rc1 b5 25. Nb2 Ke7 26. c5 Nf5 27. Nb3
Nb8 28. Red1 Nc6 29. g4 Nh4+ 30. Kg3 g5 31. Rxd8 Rxd8 32. Rd1 Rxd1 33. Nxd1 Ng6
34. Ne3 Kf6 35. Nd2 h6 36. Ne4+ Ke7 37. Nd6 Nd4 38. Nc8+ Kd7 39. Nd6 f6 40. h3
Nf4 41. f3 Nd3 42. h4 Ne5 43. hxg5 hxg5 44. Ne4 Ke7 45. Nd2 f5 46. gxf5 exf5 47.
f4 gxf4+ 48. Kxf4 Ke6 49. Ng2 Nc2 50. Kg5 Nxa3 51. Nf4+ Kd7 52. Kxf5 Nc6 53. Nd5
Nc2 54. Nf6+ Kc7 55. Nd5+ Kb7 56. Ke6 N2xb4 57. Nxb4 Nxb4 58. Kd7 a5 59. Nb1 Na6
60. Kd6 a4 61. Na3 b4 62. Nc2 b3 63. Na3 Nb4 64. Kd7 b2 65. Nb1 Ka6 66. c6 Nxc6
67. Kxc6 1/2-1/2

[Event "25th European Teams"]
[Site "Batumi GEO"]
[Date "2025.10.09"]
[Round "5.17"]
[Board "2"]
[White "Maerevoet, Sim"]
[Black "Qalichava, Akaki"]
[Result "1/2-1/2"]
[WhiteTitle "IM"]
[BlackTitle "FM"]
[WhiteElo "2426"]
[BlackElo "2333"]
[WhiteTeam "Belgium"]
[BlackTeam "Georgia 3"]
[WhiteFideId "241725"]
[BlackFideId "13615408"]
[EventDate "2025.10.05"]

1. d4 Nf6 2. c4 e6 3. Nf3 b6 4. Nc3 Bb7 5. g3 Bb4 6. Bd2 O-O 7. Bg2 d6 8. O-O
Nbd7 9. b3 Qe7 10. Re1 Bxc3 11. Bxc3 Ne4 12. Bb2 f5 13. Nd2 Ndf6 14. f3 Nxd2 15.
Qxd2 e5 16. d5 a5 17. e3 c6 18. e4 fxe4 19. fxe4 cxd5 20. exd5 Qc7 21. h3 Qc5+
22. Qe3 Nh5 23. Qxc5 bxc5 24. Re3 a4 25. Bf1 Rfb8 26. Be2 Nf6 27. Bd1 Bc8 28. g4
Nd7 29. Bc3 Ba6 30. Bc2 Nf8 31. Kh2 Ng6 32. Kg3 Nf4 33. h4 Rf8 34. Rae1 Rf7 35.
Be4 Rb8 36. Bd2 Bc8 37. Rf3 axb3 38. axb3 h5 39. gxh5 Nxh5+ 40. Kg2 Rxf3 41.
Bxf3 Nf6 42. Re3 Ra8 43. Kg3 Ra2 44. Bc3 Ra3 45. Bb2 Ra8 46. Bc3 Rb8 47. Ba5 Rb7
48. b4 1/2-1/2

[Event "25th European Teams"]
[Site "Batumi GEO"]
[Date "2025.10.09"]
[Round "5.17"]
[Board "3"]
[White "Shamatava, Nikolozi"]
[Black "Glek, Igor"]
[Result "1/2-1/2"]
[WhiteTitle "FM"]
[BlackTitle "GM"]
[WhiteElo "2296"]
[BlackElo "2432"]
[WhiteTeam "Georgia 3"]
[BlackTeam "Belgium"]
[WhiteFideId "13619950"]
[BlackFideId "4100484"]
[EventDate "2025.10.05"]

1. d4 d5 2. c4 dxc4 3. Nf3 a6 4. e3 Bg4 5. Bxc4 e6 6. O-O Nc6 7. Nc3 Nf6 8. h3
Bh5 9. a3 Bd6 10. b4 Qe7 11. Bb2 Rd8 12. b5 axb5 13. Nxb5 O-O 14. Nxd6 cxd6 15.
Be2 Rc8 16. Rc1 Rc7 17. Nd2 Bxe2 18. Qxe2 d5 19. Rc5 Rfc8 20. Rfc1 Na7 21. Rxc7
Rxc7 22. Qd1 h6 23. Rb1 Qd7 24. a4 b5 25. axb5 Nxb5 26. Rc1 Nd6 27. Rxc7 Qxc7
28. Ba3 Nc4 29. Bb4 Qb7 30. Bc3 Nxd2 31. Bxd2 Ne4 32. Qc2 Nd6 33. Be1 Nc4 34.
Qa2 Qb5 35. Bc3 Qb7 1/2-1/2

[Event "25th European Teams"]
[Site "Batumi GEO"]
[Date "2025.10.09"]
[Round "5.17"]
[Board "4"]
[White "Lenaerts, Lennert"]
[Black "Safarov, Deniel"]
[Result "1-0"]
[WhiteTitle "FM"]
[BlackTitle "FM"]
[WhiteElo "2355"]
[BlackElo "2280"]
[WhiteTeam "Belgium"]
[BlackTeam "Georgia 3"]
[WhiteFideId "211435"]
[BlackFideId "13619802"]
[EventDate "2025.10.05"]

1. e4 c6 2. d4 d5 3. e5 Bf5 4. h4 h5 5. c4 e6 6. Nc3 dxc4 7. Bxc4 Nd7 8. Nge2
Be7 9. g3 b5 10. Bd3 Bxd3 11. Qxd3 b4 12. Nd1 Nxe5 13. Qe4 Nd7 14. Qxc6 Nf6 15.
O-O O-O 16. Bf4 Nd5 17. Ne3 N7b6 18. Rfd1 Rc8 19. Qb5 Nxe3 20. Bxe3 Qd5 21. Qxd5
Nxd5 22. Rac1 Bf6 23. Rxc8 Rxc8 24. Rc1 Rd8 25. Rc4 Rd6 26. Bd2 a5 27. Kg2 Rd8
28. Kf3 Kf8 29. Ke4 g6 30. Rc5 Ra8 31. Nf4 Be7 32. Nxd5 f5+ 33. Kd3 exd5 34.
Rxd5 Kf7 35. Rd7 Ke6 36. Rb7 Ra6 37. d5+ 1-0

[Event "25th European Teams"]
[Site "Batumi GEO"]
[Date "2025.10.09"]
[Round "5.18"]
[Board "1"]
[White "Keinanen, Toivo"]
[Black "Makharadze, Jambul"]
[Result "1/2-1/2"]
[WhiteTitle "IM"]
[WhiteElo "2503"]
[BlackElo "2291"]
[WhiteTeam "Finland"]
[BlackTeam "Georgia 4"]
[WhiteFideId "509825"]
[BlackFideId "13601369"]
[EventDate "2025.10.05"]

1. Nf3 d5 2. g3 c6 3. c4 Nf6 4. Bg2 Bf5 5. cxd5 cxd5 6. Qb3 Qd7 7. Ne5 Qc7 8.
Nc3 Nc6 9. Nxc6 bxc6 10. d3 e6 11. O-O Be7 12. Bf4 e5 13. Bg5 Be6 14. Rfc1 Qd6
15. Na4 O-O 16. Qc2 Rac8 17. Nc5 Nd7 18. Bxe7 Qxe7 19. b4 h5 20. Nxd7 Qxd7 21.
Qb2 f6 22. Rc5 Rb8 23. Rac1 Rb6 24. Qc3 Rc8 25. a4 Rcb8 26. Rxc6 Rxb4 27. h4 Rb1
28. Rxb1 Rxb1+ 29. Kh2 Rb6 30. Rc7 Qxa4 31. Qc5 Qb4 32. Bxd5 Qxc5 33. Bxe6+ Rxe6
34. Rxc5 Re8 35. Ra5 Ra8 36. Ra6 Kf7 37. Kg2 Ke7 38. Kf3 Kd7 39. Ke4 Kc7 40. Kf5
Kb7 41. Ra2 Re8 42. Kg6 Re7 43. Kxh5 Kb6 44. Kg6 a5 45. f4 exf4 46. gxf4 Kb5 47.
h5 a4 48. h6 gxh6 49. Kxf6 Re3 50. f5 Kb4 51. Kg6 Kb3 52. Ra1 Rxe2 53. Rf1 Rd2
54. f6 Rxd3 55. f7 Rd8 56. Kxh6 Rf8 57. Kg7 Rxf7+ 58. Kxf7 a3 59. Rf3+ Kb2 60.
Rxa3 1/2-1/2

[Event "25th European Teams"]
[Site "Batumi GEO"]
[Date "2025.10.09"]
[Round "5.18"]
[Board "2"]
[White "Didmanidze, Tengiz"]
[Black "Sipila, Vilka"]
[Result "1/2-1/2"]
[BlackTitle "IM"]
[WhiteElo "1995"]
[BlackElo "2487"]
[WhiteTeam "Georgia 4"]
[BlackTeam "Finland"]
[WhiteFideId "13611410"]
[BlackFideId "505455"]
[EventDate "2025.10.05"]

1. e4 e5 2. Nf3 Nc6 3. Bc4 Bc5 4. c3 Nf6 5. d4 exd4 6. O-O Nxe4 7. cxd4 d5 8.
dxc5 dxc4 9. Qxd8+ Kxd8 10. Rd1+ Bd7 11. Nbd2 Nxc5 12. Nxc4 Kc8 13. Be3 Ne4 14.
h3 Rd8 15. Rac1 Be6 16. Re1 Nb4 17. Bf4 Nc5 18. Nce5 b6 19. a3 Nd5 20. Bg3 f6
21. Nc6 Re8 22. Rcd1 Kb7 23. Ncd4 Bd7 24. Ne2 c6 25. b4 Ne4 26. Nf4 Nec3 27. Rd2
Rxe1+ 28. Nxe1 Re8 29. Nc2 Be6 30. Nd4 Nxf4 31. Bxf4 Bd5 32. Nf5 Re1+ 33. Kh2 g6
34. Nd6+ Ka6 35. a4 Rd1 36. Rxd1 Nxd1 37. Bd2 b5 38. axb5+ cxb5 39. Ne8 Bc6 40.
Nxf6 Nxf2 41. Nxh7 Ne4 42. Be1 Kb6 43. Nf8 Be8 44. g4 Kc6 45. Kg2 Kd6 46. Kf3
Ng5+ 47. Kg3 Ke7 48. h4 Ne4+ 49. Kf4 Nf6 50. Kg5 Ne4+ 51. Kf4 Nf6 52. Kg5 Ne4+ 1/2-1/2

[Event "25th European Teams"]
[Site "Batumi GEO"]
[Date "2025.10.09"]
[Round "5.18"]
[Board "3"]
[White "Sklyarov, Dmitry V."]
[Black "Diasamidze, Lulu"]
[Result "1-0"]
[WhiteTitle "IM"]
[WhiteElo "2428"]
[BlackElo "1839"]
[WhiteTeam "Finland"]
[BlackTeam "Georgia 4"]
[WhiteFideId "4157052"]
[BlackFideId "13623818"]
[EventDate "2025.10.05"]

1. e4 c5 2. Nf3 e6 3. d3 Nc6 4. g3 g6 5. Bg2 Bg7 6. O-O d6 7. c3 Nf6 8. Qe2 e5
9. a3 O-O 10. b4 Re8 11. Nbd2 d5 12. Bb2 dxe4 13. dxe4 cxb4 14. axb4 Qc7 15. Nc4
Be6 16. Nfd2 Rac8 17. b5 Nd4 18. cxd4 Bxc4 19. Nxc4 Qxc4 20. Qxc4 Rxc4 21. dxe5
Nxe4 22. Rxa7 Nc5 23. Bxb7 Nxb7 24. Rxb7 Ra8 25. b6 Rb4 26. Bc3 Rb5 27. Re1 Rc8
28. Rc7 Rb8 29. Bd4 Rd5 30. Re4 Rxd4 31. Rxd4 Bxe5 32. Rd5 1-0

[Event "25th European Teams"]
[Site "Batumi GEO"]
[Date "2025.10.09"]
[Round "5.18"]
[Board "4"]
[White "Gaprindashvili, Valeriane"]
[Black "Wartiovaara, Oliver"]
[Result "1-0"]
[WhiteTitle "GM"]
[BlackTitle "FM"]
[WhiteElo "2347"]
[BlackElo "2309"]
[WhiteTeam "Georgia 4"]
[BlackTeam "Finland"]
[WhiteFideId "13601091"]
[BlackFideId "513024"]
[EventDate "2025.10.05"]

1. Nf3 Nf6 2. d4 g6 3. Bg5 Bg7 4. Nbd2 O-O 5. c3 d6 6. e4 Nc6 7. h3 e5 8. dxe5
Nxe5 9. Nxe5 dxe5 10. Bc4 Qe7 11. Qb3 h6 12. Bh4 a6 13. a4 g5 14. Bg3 b6 15. O-O
Bb7 16. f3 Rad8 17. Rfd1 Nh5 18. Bf2 Nf4 19. Nf1 Bc8 20. Ne3 h5 21. Rxd8 Rxd8
22. Rd1 Rf8 23. Qc2 g4 24. fxg4 hxg4 25. hxg4 Qg5 26. Be2 Bf6 27. Nf5 Bxf5 28.
exf5 Kg7 29. Qe4 Rh8 30. Bg3 Qh6 31. Kf2 Re8 32. Kf3 Bg5 33. Rd7 Qh1 34. Bxf4
Bxf4 35. f6+ Kh8 36. Rxf7 Rg8 37. Bd3 Qd1+ 38. Qe2 1-0

[Event "25th European Teams"]
[Site "Batumi GEO"]
[Date "2025.10.09"]
[Round "5.19"]
[Board "1"]
[White "Sousa, Andre Ventura"]
[Black "Nemeth, Zalan"]
[Result "1-0"]
[WhiteTitle "IM"]
[BlackTitle "FM"]
[WhiteElo "2433"]
[BlackElo "2212"]
[WhiteTeam "Portugal"]
[BlackTeam "Ireland"]
[WhiteFideId "1917617"]
[BlackFideId "2512041"]
[EventDate "2025.10.05"]

1. e4 c5 2. Nf3 d6 3. d4 cxd4 4. Nxd4 Nf6 5. Nc3 Nc6 6. Bg5 Bd7 7. Qd2 Rc8 8. f4
Nxd4 9. Qxd4 Qb6 10. Qxb6 axb6 11. Bd3 Bc6 12. O-O e6 13. Bxf6 gxf6 14. a4 Rg8
15. Rae1 f5 16. g3 Bg7 17. Nb5 Bxb5 18. axb5 fxe4 19. Bxe4 Bxb2 20. Bxh7 Rg7 21.
Bd3 Bf6 22. f5 e5 23. Be4 Rc5 24. Bxb7 Ke7 25. Bc6 Rg4 26. Ra1 e4 27. Ra8 Bd4+
28. Kg2 Kf6 29. Kh3 Rg5 30. Bxe4 Rxb5 31. Bd3 Re5 32. Kg2 Ra5 33. Rb8 Ra1 34.
Rxa1 Bxa1 35. Rxb6 Ke7 36. Rb7+ Kf8 37. h4 Rg7 38. Kh3 Be5 39. g4 f6 40. Rb8+
Ke7 41. Bc4 Bf4 42. Bd5 Be5 43. Ra8 Bd4 44. Rb8 Be5 45. h5 Bf4 46. Rh8 Kd7 47.
h6 Re7 48. Be6+ Kc7 49. h7 Kb7 50. Rb8+ 1-0

[Event "25th European Teams"]
[Site "Batumi GEO"]
[Date "2025.10.09"]
[Round "5.19"]
[Board "2"]
[White "Melaugh, Shane"]
[Black "Barria, Jose"]
[Result "0-1"]
[WhiteTitle "CM"]
[BlackTitle "FM"]
[WhiteElo "2192"]
[BlackElo "2376"]
[WhiteTeam "Ireland"]
[BlackTeam "Portugal"]
[WhiteFideId "2509580"]
[BlackFideId "1939300"]
[EventDate "2025.10.05"]

1. c4 Nf6 2. Nc3 e5 3. Nf3 Nc6 4. e3 Bb4 5. Qc2 O-O 6. Nd5 Be7 7. a3 d6 8. Nc3
d5 9. cxd5 Nxd5 10. b4 a6 11. Bb2 Be6 12. Rc1 Nb6 13. Ne4 f6 14. Be2 Qe8 15. O-O
Rc8 16. d4 exd4 17. Nxd4 Nxd4 18. Bxd4 Qa4 19. Qb2 Qe8 20. Qc2 Nd7 21. Rfd1 Qf7
22. Qb2 Rfd8 23. Bf3 Bd5 24. Rd3 Qg6 25. Rdc3 Bxe4 26. Qb3+ Kf8 27. Bxe4 Qxe4
28. Rxc7 Rxc7 29. Rxc7 Bd6 30. Rc1 Be5 31. Qe6 Bxh2+ 0-1

[Event "25th European Teams"]
[Site "Batumi GEO"]
[Date "2025.10.09"]
[Round "5.19"]
[Board "3"]
[White "Martins, Bruno Andre Leite"]
[Black "Tureshbayev, Anuar"]
[Result "1-0"]
[WhiteTitle "FM"]
[BlackTitle "CM"]
[WhiteElo "2363"]
[BlackElo "2285"]
[WhiteTeam "Portugal"]
[BlackTeam "Ireland"]
[WhiteFideId "1942255"]
[BlackFideId "651081709"]
[EventDate "2025.10.05"]

1. e4 c5 2. Nf3 d6 3. d4 cxd4 4. Nxd4 Nf6 5. Nc3 a6 6. Bc4 e6 7. a3 Be7 8. Be3
O-O 9. Qe2 b5 10. Ba2 Bb7 11. O-O-O Nbd7 12. f3 Rc8 13. Qe1 Ne5 14. Kb1 Nc4 15.
Bxc4 Rxc4 16. b3 Rc8 17. Bc1 Qc7 18. Bb2 d5 19. e5 Nd7 20. f4 b4 21. axb4 Bxb4
22. Rd3 Qa5 23. Rh3 Rfe8 24. Qg3 f5 25. Qh4 Rxc3 26. Qxh7+ Kf7 27. Rh6 Bf8 28.
Rxe6 Rxe6 29. Qxf5+ Ke8 30. Qxe6+ Kd8 31. Qf7 1-0

[Event "25th European Teams"]
[Site "Batumi GEO"]
[Date "2025.10.09"]
[Round "5.19"]
[Board "4"]
[White "O'Gorman, Alice"]
[Black "Ribeiro, Gustavo"]
[Result "0-1"]
[BlackTitle "FM"]
[WhiteElo "1960"]
[BlackElo "2245"]
[WhiteTeam "Ireland"]
[BlackTeam "Portugal"]
[WhiteFideId "2508214"]
[BlackFideId "1941852"]
[EventDate "2025.10.05"]

1. e4 e5 2. Nc3 Nf6 3. g3 d5 4. exd5 Nxd5 5. Bg2 Nxc3 6. bxc3 Nc6 7. Nf3 Bc5 8.
O-O O-O 9. Re1 Be6 10. Bb2 Bb6 11. d4 exd4 12. cxd4 Bd5 13. c3 Na5 14. Nd2 Bxg2
15. Kxg2 Qd7 16. Qh5 Rfd8 17. Ba3 Re8 18. Kg1 Qc6 19. Bb4 Nc4 20. d5 Bxf2+ 21.
Kxf2 Qb6+ 22. Kg2 Nxd2 23. Rad1 Ne4 24. Qf5 Nd6 25. Qd7 Red8 26. Qg4 g6 27. Re5
Qa6 28. Bxd6 Qxd6 29. Rde1 c6 30. Qf4 Rf8 31. c4 cxd5 32. Rxd5 Qxf4 33. gxf4
Rfc8 34. c5 Rc7 35. f5 Rac8 36. fxg6 hxg6 37. Ree5 f6 38. Re6 Rxc5 39. Rxc5 Rxc5
40. Rxf6 Kg7 41. Rd6 Rb5 42. a4 Rb2+ 43. Kg3 Kh6 44. Rd5 Rb3+ 45. Kg2 Kg7 46.
Rd6 Kf7 47. a5 a6 48. Kf2 Rb5 49. Kf3 Ke8 50. Rxg6 Rxa5 51. Rb6 Rf5+ 52. Kg4 Rf7
53. h4 Kd8 54. h5 Kc7 55. Rb1 b5 56. Kg5 Kb6 57. Kg6 Ra7 58. h6 a5 59. h7 Ra8
60. Kg7 b4 61. Rf1 b3 62. Rf8 Rxf8 63. Kxf8 b2 64. h8=Q b1=Q 65. Qd4+ Ka6 66.
Qd6+ Qb6 67. Qd3+ Qb5 68. Qd6+ Kb7 69. Kf7 Qc4+ 70. Kf6 Qc6 71. Ke6 Qxd6+ 72.
Kxd6 a4 0-1